[Event "XVIII. DBMM Schach"]
[Site "Altenberg OT Zinnwald"]
[Date "2018.11.09"]
[Round "4.1"]
[White "Warnest, Stefan"]
[Black "Schroeder, Kai Uwe"]
[Result "0-1"]
[WhiteElo "1537"]
[BlackElo "1873"]
[Annotator "br"]
[PlyCount "120"]
[EventDate "2018.11.??"]
[EventType "team-swiss"]
[EventRounds "7"]
[EventCountry "GER"]
[SourceTitle "XVIII. DBMM 2018"]
[Source "FV Schach e.V."]
[SourceDate "2018.11.12"]
[SourceVersion "1"]
[SourceVersionDate "2018.11.12"]
[SourceQuality "1"]
[WhiteTeam "BA Tempelhof Berlin III"]
[BlackTeam "Baubehoerde Hamburg II"]
[WhiteTeamCountry "GER"]
[BlackTeamCountry "GER"]

1. e4 e6 2. d4 d5 3. Nc3 dxe4 4. Nxe4 Bd7 5. Nf3 Bc6 6. Qd3 Nd7 7. Ne5 Nxe5 8.
dxe5 Qh4 9. Ng3 Ne7 10. Be3 Rd8 11. Qe2 Ng6 12. Rd1 Rxd1+ 13. Qxd1 Qb4+ 14. Qd2
Qxb2 15. c3 Qb1+ 16. Qc1 Qxc1+ 17. Bxc1 Nxe5 18. Be3 Bd6 19. f3 O-O 20. Be2 Bd5
21. a4 Bb3 22. Bd1 Bxd1 23. Kxd1 Nc4 24. Ke2 Nxe3 25. Kxe3 Bxg3 26. hxg3 Rd8
27. Rb1 b6 28. f4 f6 29. g4 Kf7 30. g3 h6 31. a5 Rd5 32. axb6 axb6 33. c4 Ra5
34. Rb3 Ke7 35. Ke4 Ra4 36. Kd4 Kd6 37. Kc3 Ra1 38. Kb4 c5+ 39. Kc3 Kc6 40. Kb2
Re1 41. Rd3 Re4 42. Kc3 e5 43. fxe5 Rxe5 44. Rf3 Re4 45. Rf4 Rxf4 46. gxf4 b5
47. cxb5+ Kxb5 48. Kb3 c4+ 49. Kc3 Kc5 50. f5 Kd5 51. Kd2 Kd4 52. Kc2 Ke4 53.
Kc3 Kf4 54. Kxc4 Kxg4 55. Kd4 Kxf5 56. Ke3 Kg4 57. Kf2 Kh3 58. Kf3 g5 59. Kf2
Kh2 60. Kf3 f5 0-1

[Event "XVIII. DBMM Schach"]
[Site "Altenberg OT Zinnwald"]
[Date "2018.11.09"]
[Round "4.2"]
[White "Hartmann, Jens"]
[Black "Kalkowski, Thomas"]
[Result "1/2-1/2"]
[WhiteElo "1839"]
[BlackElo "1455"]
[Annotator "br"]
[PlyCount "34"]
[EventDate "2018.11.??"]
[EventType "team-swiss"]
[EventRounds "7"]
[EventCountry "GER"]
[SourceTitle "XVIII. DBMM 2018"]
[Source "FV Schach e.V."]
[SourceDate "2018.11.12"]
[SourceVersion "1"]
[SourceVersionDate "2018.11.12"]
[SourceQuality "1"]
[WhiteTeam "Baubehoerde Hamburg II"]
[BlackTeam "BA Tempelhof Berlin III"]
[WhiteTeamCountry "GER"]
[BlackTeamCountry "GER"]

1. e4 e5 2. Nf3 Nf6 3. Nxe5 d6 4. Nf3 Nxe4 5. Be2 d5 6. O-O Bf5 7. d3 Nf6 8.
Re1 Be7 9. b3 O-O 10. Bb2 c5 $11 11. d4 Qb6 12. c4 Nc6 13. cxd5 Nxd5 14. Bc4
Rad8 15. Ne5 Rfe8 16. Qf3 Be6 17. Nxc6 Qxc6 1/2-1/2

[Event "XVIII. DBMM Schach"]
[Site "Altenberg OT Zinnwald"]
[Date "2018.11.09"]
[Round "4.4"]
[White "Hoffeins, Hans Werner"]
[Black "Mahler, Sonja"]
[Result "1-0"]
[WhiteElo "1542"]
[BlackElo "1492"]
[Annotator "br"]
[PlyCount "47"]
[EventDate "2018.11.??"]
[EventType "team-swiss"]
[EventRounds "7"]
[EventCountry "GER"]
[SourceTitle "XVIII. DBMM 2018"]
[Source "FV Schach e.V."]
[SourceDate "2018.11.12"]
[SourceVersion "1"]
[SourceVersionDate "2018.11.12"]
[SourceQuality "1"]
[WhiteTeam "Baubehoerde Hamburg II"]
[BlackTeam "BA Tempelhof Berlin III"]
[WhiteTeamCountry "GER"]
[BlackTeamCountry "GER"]

1. Nf3 d5 2. g3 c6 3. Bg2 Bf5 4. d3 h6 5. Nbd2 Nf6 6. O-O Nbd7 7. Re1 e5 8. e4
Bg4 9. exd5 cxd5 10. h3 Bh5 11. g4 Nxg4 12. hxg4 Bxg4 13. Nxe5 Be6 14. Nxd7
Kxd7 15. Nf3 Qf6 16. Ne5+ Kd8 17. Qf3 Qh4 18. Bf4 Be7 19. Ng6 fxg6 20. Rxe6 Rf8
21. Qxd5+ Kc8 22. Bg3 Qg4 23. Qxb7+ Kd8 24. Qxe7+ 1-0

[Event "XVIII. DBMM Schach"]
[Site "Altenberg OT Zinnwald"]
[Date "2018.11.09"]
[Round "4.1"]
[White "Bruening, Martin"]
[Black "Kraemer, Sigfried"]
[Result "1/2-1/2"]
[WhiteElo "1772"]
[BlackElo "2146"]
[Annotator "br"]
[PlyCount "88"]
[EventDate "2018.11.??"]
[EventType "team-swiss"]
[EventRounds "7"]
[EventCountry "GER"]
[SourceTitle "XVIII. DBMM 2018"]
[Source "FV Schach e.V."]
[SourceDate "2018.11.12"]
[SourceVersion "1"]
[SourceVersionDate "2018.11.12"]
[SourceQuality "1"]
[WhiteTeam "SG Airbus Bremen"]
[BlackTeam "SG Stern Stuttgart"]
[WhiteTeamCountry "GER"]
[BlackTeamCountry "GER"]

1. d4 d5 2. c4 e6 3. Nc3 Nf6 4. Bg5 Nbd7 5. e3 c6 6. Nf3 h6 7. Bh4 Be7 8. Bd3
O-O 9. O-O Ne8 10. Bxe7 Qxe7 11. Rc1 dxc4 12. Bxc4 Nef6 13. a3 Rd8 14. Qe2 e5
15. dxe5 Nxe5 16. Nxe5 Qxe5 17. Rfd1 Bf5 18. f3 Nd7 19. Bd3 Be6 20. b4 Nb6 21.
e4 Rd7 22. Qc2 Rad8 23. Be2 Rxd1+ 24. Rxd1 Rxd1+ 25. Nxd1 Qd4+ 26. Kf1 Bc4 27.
Bxc4 Nxc4 28. a4 Ne5 29. b5 c5 30. Nf2 Nc4 31. Nd1 h5 32. h3 b6 33. Ke2 Ne5 34.
Kf1 Ng6 35. Nf2 Nf4 36. Nd1 g5 37. Nf2 Kg7 38. Nd1 g4 39. hxg4 hxg4 40. Nf2
gxf3 41. gxf3 Ne6 42. Ke2 c4 43. Nd1 Nc5 44. Qc3 Ne6 1/2-1/2

[Event "XVIII. DBMM Schach"]
[Site "Altenberg OT Zinnwald"]
[Date "2018.11.09"]
[Round "4.2"]
[White "Bangert, Udo"]
[Black "Jacobsen, Ruediger"]
[Result "1/2-1/2"]
[WhiteElo "1893"]
[BlackElo "1466"]
[Annotator "br"]
[PlyCount "66"]
[EventDate "2018.11.??"]
[EventType "team-swiss"]
[EventRounds "7"]
[EventCountry "GER"]
[SourceTitle "XVIII. DBMM 2018"]
[Source "FV Schach e.V."]
[SourceDate "2018.11.12"]
[SourceVersion "1"]
[SourceVersionDate "2018.11.12"]
[SourceQuality "1"]
[WhiteTeam "SG Stern Stuttgart"]
[BlackTeam "SG Airbus Bremen"]
[WhiteTeamCountry "GER"]
[BlackTeamCountry "GER"]

1. b3 e5 2. Bb2 Nc6 3. e3 Be7 4. Bb5 d6 5. d4 a6 6. Bxc6+ bxc6 7. dxe5 d5 8.
Nd2 Be6 9. Ngf3 Bc5 10. O-O Ne7 11. Nd4 O-O 12. N2f3 Qd7 13. Qd2 Bb6 14. Nxe6
fxe6 15. c4 Ng6 16. Rac1 Rxf3 17. gxf3 Nh4 18. Qe2 Qf7 19. Kh1 Nxf3 20. Rg1
Nxg1 21. Rxg1 Rf8 22. Rg2 Qf3 23. Qxf3 Rxf3 24. Kg1 Kf7 25. Rg4 h5 26. Rg3
Rxg3+ 27. hxg3 g5 28. Ba3 g4 29. c5 Ba7 30. b4 Kg6 31. Kf1 Kf5 32. Bb2 Ke4 33.
Ke2 Bb8 1/2-1/2

[Event "XVIII. DBMM Schach"]
[Site "Altenberg OT Zinnwald"]
[Date "2018.11.09"]
[Round "4.3"]
[White "Hueners, Rolf"]
[Black "Wepfer, Bernd"]
[Result "0-1"]
[WhiteElo "1400"]
[BlackElo "1831"]
[Annotator "br"]
[PlyCount "97"]
[EventDate "2018.11.??"]
[EventType "team-swiss"]
[EventRounds "7"]
[EventCountry "GER"]
[SourceTitle "XVIII. DBMM 2018"]
[Source "FV Schach e.V."]
[SourceDate "2018.11.12"]
[SourceVersion "1"]
[SourceVersionDate "2018.11.12"]
[SourceQuality "1"]
[WhiteTeam "SG Airbus Bremen"]
[BlackTeam "SG Stern Stuttgart"]
[WhiteTeamCountry "GER"]
[BlackTeamCountry "GER"]

1. d4 Nf6 2. c4 g6 3. Nc3 Bg7 4. e3 d5 5. b3 O-O 6. Bb2 b6 7. Be2 dxc4 8. bxc4
Bb7 9. Bf3 c6 10. Nh3 Nbd7 11. d5 cxd5 12. cxd5 Ne5 13. O-O Nxf3+ 14. Qxf3 Bxd5
15. Nxd5 Qxd5 16. Qe2 Rfd8 17. Rfd1 Qb7 18. Nf4 e6 19. h3 Rac8 20. Rac1 h6 21.
Rxd8+ Rxd8 22. Be5 Rc8 23. Qb2 Rxc1+ 24. Qxc1 Nd7 25. Bc3 Qc6 26. Ne2 Bxc3 27.
Nxc3 Qc4 28. Qd2 Ne5 29. Ne2 Qd3 30. Qb2 Qd1+ 31. Kh2 Nd3 32. Qa3 Qxe2 33. Qxa7
Qxf2 34. Qxb6 Ne1 35. Qb8+ Kh7 36. Qg3 Qxg3+ 37. Kxg3 Nc2 38. Kf4 Kg7 39. e4
Kf6 40. e5+ Ke7 41. Ke4 Kd7 42. Kd3 Nb4+ 43. Ke4 Nxa2 44. h4 Nb4 45. g3 Ke7 46.
Kd4 Nc6+ 47. Ke4 g5 48. hxg5 hxg5 49. g4 0-1

[Event "XVIII. DBMM Schach"]
[Site "Altenberg OT Zinnwald"]
[Date "2018.11.09"]
[Round "4.4"]
[White "Salomon, Hendrik"]
[Black "Waltz, Juergen"]
[Result "1-0"]
[WhiteElo "1300"]
[BlackElo "1400"]
[Annotator "br"]
[PlyCount "89"]
[EventDate "2018.11.??"]
[EventType "team-swiss"]
[EventRounds "7"]
[EventCountry "GER"]
[SourceTitle "XVIII. DBMM 2018"]
[Source "FV Schach e.V."]
[SourceDate "2018.11.12"]
[SourceVersion "1"]
[SourceVersionDate "2018.11.12"]
[SourceQuality "1"]
[WhiteTeam "SG Stern Stuttgart"]
[BlackTeam "SG Airbus Bremen"]
[WhiteTeamCountry "GER"]
[BlackTeamCountry "GER"]

1. c4 c5 2. Nf3 Nf6 3. e3 e6 4. d4 d5 5. cxd5 exd5 6. dxc5 Bxc5 7. Nc3 Nc6 8.
Bb5 O-O 9. Bxc6 bxc6 10. O-O Rb8 11. Nd4 Bxd4 12. Qxd4 a6 13. Rd1 Re8 14. Na4
Re4 15. Qa7 Bb7 16. Nc5 Re7 17. Nxb7 Rbxb7 18. Qxa6 Qb6 19. Qxb6 Rxb6 20. a3
Rb3 21. Kf1 Ne4 22. f3 Nc5 23. Ke2 f5 24. Rd2 Na4 25. Rc2 Re8 26. Kf2 Reb8 27.
Rxc6 Nxb2 28. Bxb2 Rxb2+ 29. Kg3 R8b3 30. Rc5 Rxe3 31. Rxd5 g6 32. a4 Ree2 33.
Rg1 Ra2 34. a5 h5 35. h4 Kg7 36. Rd7+ Kh6 37. Ra7 Ra4 38. Rb1 Raa2 39. Rbb7
Rxg2+ 40. Kf4 Ra4+ 41. Ke5 Rxh4 42. f4 Re2+ 43. Kf6 Re6+ 44. Kxe6 Rxf4 45. Kf6
1-0

[Event "XVIII. DBMM Schach"]
[Site "Altenberg OT Zinnwald"]
[Date "2018.11.10"]
[Round "5.1"]
[White "Koscielski, Janusch"]
[Black "Jordan, Dirk"]
[Result "1/2-1/2"]
[WhiteElo "2320"]
[BlackElo "2188"]
[Annotator "br"]
[PlyCount "42"]
[EventDate "2018.11.??"]
[EventType "team-swiss"]
[EventRounds "7"]
[EventCountry "GER"]
[SourceTitle "XVIII. DBMM 2018"]
[Source "FV Schach e.V."]
[SourceDate "2018.11.12"]
[SourceVersion "1"]
[SourceVersionDate "2018.11.12"]
[SourceQuality "1"]
[WhiteTeam "EKJ Herne und Wanne-Eickel"]
[BlackTeam "Dresdner Schachfestival"]
[WhiteTeamCountry "GER"]
[BlackTeamCountry "GER"]

1. e4 c6 2. d4 d5 3. exd5 cxd5 4. Bd3 Nc6 5. c3 Nf6 6. h3 e6 7. Bf4 Bd6 8. Bxd6
Qxd6 9. Nf3 a6 10. a4 b6 11. Qe2 Qc7 12. Nbd2 Bb7 13. O-O O-O 14. Rae1 a5 15.
Nh2 Qc8 16. Ng4 Nxg4 17. Qxg4 Ba6 18. Re3 Bxd3 19. Rxd3 Qd8 20. Re1 Qf6 21. Qe2
Rab8 1/2-1/2

[Event "XVIII. DBMM Schach"]
[Site "Altenberg OT Zinnwald"]
[Date "2018.11.10"]
[Round "5.2"]
[White "Poenisch, Egmont"]
[Black "Hortolani, Sven Holger"]
[Result "0-1"]
[WhiteElo "2145"]
[BlackElo "2140"]
[Annotator "br"]
[PlyCount "36"]
[EventDate "2018.11.??"]
[EventType "team-swiss"]
[EventRounds "7"]
[EventCountry "GER"]
[SourceTitle "XVIII. DBMM 2018"]
[Source "FV Schach e.V."]
[SourceDate "2018.11.12"]
[SourceVersion "1"]
[SourceVersionDate "2018.11.12"]
[SourceQuality "1"]
[WhiteTeam "Dresdner Schachfestival"]
[BlackTeam "EKJ Herne und Wanne-Eickel"]
[WhiteTeamCountry "GER"]
[BlackTeamCountry "GER"]

1. c4 e5 2. Nc3 Nc6 3. g3 f5 4. Bg2 Nf6 5. d3 Bb4 6. Bd2 O-O 7. a3 Bxc3 8. Bxc3
d6 9. Nf3 Qe8 10. O-O f4 11. b4 Qh5 12. b5 Ne7 13. c5 Bh3 14. Qb3+ Kh8 15. Rfc1
Ng4 16. Qd1 Bxg2 17. Kxg2 fxg3 18. hxg3 Rxf3 0-1

[Event "XVIII. DBMM Schach"]
[Site "Altenberg OT Zinnwald"]
[Date "2018.11.10"]
[Round "5.3"]
[White "Leveikina, Jevgenija"]
[Black "Sebastian, Martin"]
[Result "1/2-1/2"]
[WhiteElo "2110"]
[BlackElo "1957"]
[Annotator "br"]
[PlyCount "53"]
[EventDate "2018.11.??"]
[EventType "team-swiss"]
[EventRounds "7"]
[EventCountry "GER"]
[SourceTitle "XVIII. DBMM 2018"]
[Source "FV Schach e.V."]
[SourceDate "2018.11.12"]
[SourceVersion "1"]
[SourceVersionDate "2018.11.12"]
[SourceQuality "1"]
[WhiteTeam "EKJ Herne und Wanne-Eickel"]
[BlackTeam "Dresdner Schachfestival"]
[WhiteTeamCountry "GER"]
[BlackTeamCountry "GER"]

1. d4 Nf6 2. Nf3 g6 3. g3 Bg7 4. Bg2 O-O 5. O-O c6 6. c4 d6 7. Nc3 Qc7 8. e4 e5
9. dxe5 dxe5 10. Qc2 Na6 11. a3 Be6 12. b3 Rad8 13. Bb2 Bg4 14. b4 Bxf3 15.
Bxf3 Qd7 16. Rad1 Qe6 17. c5 h5 18. Rxd8 Rxd8 19. Rd1 Rxd1+ 20. Qxd1 Qd7 21.
Qxd7 Nxd7 22. Be2 Nc7 23. Bc4 Bh6 24. Ne2 Bd2 25. Nc1 Kf8 26. Nb3 Bh6 27. Na5
1/2-1/2

[Event "XVIII. DBMM Schach"]
[Site "Altenberg OT Zinnwald"]
[Date "2018.11.10"]
[Round "5.4"]
[White "Wieland, Karsten"]
[Black "Rhein, Volker"]
[Result "1/2-1/2"]
[WhiteElo "1676"]
[BlackElo "1300"]
[Annotator "br"]
[PlyCount "69"]
[EventDate "2018.11.??"]
[EventType "team-swiss"]
[EventRounds "7"]
[EventCountry "GER"]
[SourceTitle "XVIII. DBMM 2018"]
[Source "FV Schach e.V."]
[SourceDate "2018.11.12"]
[SourceVersion "1"]
[SourceVersionDate "2018.11.12"]
[SourceQuality "1"]
[WhiteTeam "Dresdner Schachfestival"]
[BlackTeam "EKJ Herne und Wanne-Eickel"]
[WhiteTeamCountry "GER"]
[BlackTeamCountry "GER"]

1. d4 d5 2. Bf4 Nc6 3. Nf3 Nf6 4. e3 a6 5. Be2 e6 6. O-O Bd6 7. Bxd6 Qxd6 8.
Nbd2 Ng4 9. h3 Nf6 10. c4 dxc4 11. Nxc4 Qd5 12. b3 b5 $11 13. Nce5 Bb7 14. Nxc6
Bxc6 15. Rc1 Rc8 16. Rc5 Qd6 17. Ne5 Bb7 18. Bf3 Bxf3 19. Qxf3 O-O 20. Rfc1 Nd5
21. a3 f6 22. Nd3 c6 23. b4 Rf7 24. e4 Ne7 25. Qe3 Rff8 26. e5 Qd7 27. exf6
Rxf6 28. Ne5 Qd6 29. Qe4 Rcf8 30. Nxc6 Nd5 31. Rf1 Nb6 32. Qe5 Qxe5 33. dxe5
Rf4 34. Ne7+ Kh8 35. Rc6 1/2-1/2

[Event "XVIII. DBMM Schach"]
[Site "Altenberg OT Zinnwald"]
[Date "2018.11.10"]
[Round "5.1"]
[White "Guder, Sibylle"]
[Black "Gohil, Harry"]
[Result "0-1"]
[WhiteElo "1785"]
[BlackElo "2229"]
[Annotator "br"]
[PlyCount "70"]
[EventDate "2018.11.??"]
[EventType "team-swiss"]
[EventRounds "7"]
[EventCountry "GER"]
[SourceTitle "XVIII. DBMM 2018"]
[Source "FV Schach e.V."]
[SourceDate "2018.11.12"]
[SourceVersion "1"]
[SourceVersionDate "2018.11.12"]
[SourceQuality "1"]
[WhiteTeam "BA Tempelhof Berlin"]
[BlackTeam "BSG Commerzbank Frankfurt"]
[WhiteTeamCountry "GER"]
[BlackTeamCountry "GER"]

1. e4 c5 2. Nc3 Nc6 3. g3 g6 4. Bg2 Bg7 5. f4 d6 6. d3 e5 7. Nf3 Nge7 8. O-O
O-O 9. Be3 b6 10. Qd2 Rb8 11. Nh4 Nd4 12. Ne2 Nxe2+ 13. Qxe2 exf4 14. gxf4 Bxb2
15. f5 Bxa1 16. Rxa1 Nxf5 17. Nxf5 gxf5 18. Qh5 Qf6 19. Rf1 Kh8 20. Bg5 Qd4+
21. Kh1 f6 22. Qh6 Rf7 23. Be3 Qe5 24. Qh5 Qe7 25. Bf4 Rg7 26. h4 fxe4 27. Bh6
Rg6 28. Re1 Bb7 29. Bd2 e3 30. Rxe3 Bxg2+ 31. Kh2 Qc7 32. Be1 Rbg8 33. Bg3 Bb7
34. Bf4 Rg2+ 35. Kh3 Qd7+ 0-1

[Event "XVIII. DBMM Schach"]
[Site "Altenberg OT Zinnwald"]
[Date "2018.11.10"]
[Round "5.2"]
[White "Hilbig, Olaf"]
[Black "Kettenburg, Stefan"]
[Result "1/2-1/2"]
[WhiteElo "2167"]
[BlackElo "2075"]
[Annotator "br"]
[PlyCount "70"]
[EventDate "2018.11.??"]
[EventType "team-swiss"]
[EventRounds "7"]
[EventCountry "GER"]
[SourceTitle "XVIII. DBMM 2018"]
[Source "FV Schach e.V."]
[SourceDate "2018.11.12"]
[SourceVersion "1"]
[SourceVersionDate "2018.11.12"]
[SourceQuality "1"]
[WhiteTeam "BSG Commerzbank Frankfurt"]
[BlackTeam "BA Tempelhof Berlin"]
[WhiteTeamCountry "GER"]
[BlackTeamCountry "GER"]

1. Nc3 d5 2. d4 c6 3. Nf3 Nf6 4. Bf4 Bf5 5. e3 e6 6. a3 Be7 7. Be2 O-O 8. Nh4
Bg6 9. Nxg6 hxg6 10. h4 Ne4 11. h5 g5 12. Bxb8 Rxb8 13. Nxe4 dxe4 14. Bc4 Qa5+
15. c3 Qf5 16. g4 Qa5 17. b4 Qc7 18. Qc2 Rfe8 19. Qxe4 Bf6 20. h6 g6 21. Kf1
Kh7 22. Qf3 Bd8 23. Kg2 Qe7 24. e4 Qf6 25. Qxf6 Bxf6 26. Rh3 Bd8 27. e5 Rc8 28.
Re1 Rc7 29. a4 Be7 30. a5 Bf8 31. f4 gxf4 32. g5 Be7 33. Kf3 Bxg5 34. Rg1 Be7
35. Kxf4 Rd8 1/2-1/2

[Event "XVIII. DBMM Schach"]
[Site "Altenberg OT Zinnwald"]
[Date "2018.11.10"]
[Round "5.3"]
[White "Baranowsky, Peter"]
[Black "Piepenburg, Rolf"]
[Result "0-1"]
[WhiteElo "1867"]
[BlackElo "1984"]
[Annotator "br"]
[PlyCount "104"]
[EventDate "2018.11.??"]
[EventType "team-swiss"]
[EventRounds "7"]
[EventCountry "GER"]
[SourceTitle "XVIII. DBMM 2018"]
[Source "FV Schach e.V."]
[SourceDate "2018.11.12"]
[SourceVersion "1"]
[SourceVersionDate "2018.11.12"]
[SourceQuality "1"]
[WhiteTeam "BA Tempelhof Berlin"]
[BlackTeam "BSG Commerzbank Frankfurt"]
[WhiteTeamCountry "GER"]
[BlackTeamCountry "GER"]

1. d4 Nf6 2. g3 d5 3. Nf3 e6 4. Bg2 Be7 5. c4 O-O 6. O-O c6 7. Nc3 Nbd7 8. Qc2
dxc4 9. e4 b5 10. Rd1 Bb7 11. d5 exd5 12. exd5 Nxd5 13. Nxd5 cxd5 14. Nd4 Qb6
15. Nf5 Bc5 16. Bxd5 Bxd5 17. Rxd5 Nf6 18. Rxc5 Qxc5 19. Be3 Qe5 20. Bf4 Qe4
21. Rc1 Rfd8 22. b3 Qxc2 23. Rxc2 cxb3 24. axb3 Rd7 25. Rc7 Rxc7 26. Bxc7 a5
27. Nd6 a4 28. Nxb5 axb3 29. Be5 b2 30. Bxb2 Rb8 31. Bxf6 Rxb5 32. Bd4 f6 33.
h4 h5 34. Kg2 Kf7 35. Kf3 Ke6 36. Be3 Kf5 37. Bd4 Rb3+ 38. Be3 g5 39. g4+ hxg4+
40. Kg3 gxh4+ 41. Kxh4 Rb8 42. Bd4 Rh8+ 43. Kg3 Rh3+ 44. Kg2 Rf3 45. Bb6 Ke4
46. Bc7 f5 47. Bg3 Rb3 48. Bc7 f4 49. Bd6 Rb2 50. Bc5 g3 51. Ba7 gxf2 52. Bxf2
Rc2 0-1

[Event "XVIII. DBMM Schach"]
[Site "Altenberg OT Zinnwald"]
[Date "2018.11.10"]
[Round "5.4"]
[White "Brauer, Frank"]
[Black "Schmidt, Joerg"]
[Result "1-0"]
[WhiteElo "1791"]
[BlackElo "1819"]
[Annotator "br"]
[PlyCount "37"]
[EventDate "2018.11.??"]
[EventType "team-swiss"]
[EventRounds "7"]
[EventCountry "GER"]
[SourceTitle "XVIII. DBMM 2018"]
[Source "FV Schach e.V."]
[SourceDate "2018.11.12"]
[SourceVersion "1"]
[SourceVersionDate "2018.11.12"]
[SourceQuality "1"]
[WhiteTeam "BSG Commerzbank Frankfurt"]
[BlackTeam "BA Tempelhof Berlin"]
[WhiteTeamCountry "GER"]
[BlackTeamCountry "GER"]

1. e4 c5 2. c3 d5 3. exd5 Qxd5 4. d4 Nc6 5. Nf3 Bg4 6. Be2 O-O-O 7. O-O f6 8.
Be3 e5 9. c4 Qf7 10. d5 Bxf3 11. Bxf3 Nd4 12. Bxd4 exd4 13. Nd2 f5 14. b4 Nf6
15. bxc5 Bxc5 16. Nb3 Qc7 17. Nxd4 Bxd4 18. Qxd4 Kb8 19. Rab1 1-0

[Event "XVIII. DBMM Schach"]
[Site "Altenberg OT Zinnwald"]
[Date "2018.11.10"]
[Round "5.1"]
[White "Hohlfeld, Wolfgang"]
[Black "Segerberg, Tomas"]
[Result "1-0"]
[WhiteElo "2056"]
[BlackElo "2028"]
[Annotator "br"]
[PlyCount "141"]
[EventDate "2018.11.??"]
[EventType "team-swiss"]
[EventRounds "7"]
[EventCountry "GER"]
[SourceTitle "XVIII. DBMM 2018"]
[Source "FV Schach e.V."]
[SourceDate "2018.11.12"]
[SourceVersion "1"]
[SourceVersionDate "2018.11.12"]
[SourceQuality "1"]
[WhiteTeam "Baubehoerde Hamburg"]
[BlackTeam "Europaeisches Patentamt Muenchen"]
[WhiteTeamCountry "GER"]
[BlackTeamCountry "GER"]

1. e4 e6 2. d4 d5 3. exd5 exd5 4. Nf3 Bd6 5. c4 Nf6 6. Nc3 O-O 7. cxd5 Bb4 8.
Be2 Nxd5 9. Bd2 Be6 10. O-O Be7 11. h3 Nd7 12. Bd3 h6 13. Re1 c6 14. a3 Nxc3
15. bxc3 Nb6 16. Ne5 Bf6 17. Qf3 Bg5 18. Qe4 f5 19. Qe2 Bxd2 20. Qxd2 Qf6 21.
Rab1 Rad8 22. a4 Bc8 23. a5 Nd7 24. Bc4+ Kh7 25. Qf4 Qd6 26. Qg3 Rf6 27. Qf3
Rdf8 28. h4 c5 29. Nxd7 Bxd7 30. Bd5 b6 31. axb6 axb6 32. dxc5 Qxc5 33. c4 Bc6
34. Red1 Kh8 35. Rd3 Ba4 36. Rd2 Rg6 37. Re1 Rff6 38. Qf4 Bc6 39. Qd4 Qb4 40.
Red1 f4 41. Rb2 Qc5 42. Rxb6 Qxd4 43. Rxd4 Bxd5 44. Rxf6 Rxf6 45. cxd5 Rd6 46.
Kf1 g5 47. Ke2 Kg7 48. Kf3 Kf7 49. Ke4 gxh4 50. Ke5 Rg6 51. Rxf4+ Ke7 52. Rxh4
Rg5+ 53. Ke4 Rxg2 54. f4 Re2+ 55. Kd3 Re1 56. Rxh6 Rd1+ 57. Ke4 Re1+ 58. Kf5
Rf1 59. Re6+ Kd7 60. Ke5 Re1+ 61. Kf6 Rf1 62. f5 Rf2 63. Kg6 Rd2 64. Kf7 Rxd5
65. f6 Rh5 66. Re1 Rh7+ 67. Kg8 Rh2 68. f7 Rg2+ 69. Kf8 Rf2 70. Rd1+ Kc7 71.
Rd4 1-0

[Event "XVIII. DBMM Schach"]
[Site "Altenberg OT Zinnwald"]
[Date "2018.11.10"]
[Round "5.2"]
[White "Bohnhoff, Peter"]
[Black "Hein, Ralf"]
[Result "1-0"]
[WhiteElo "2065"]
[BlackElo "2053"]
[Annotator "br"]
[PlyCount "45"]
[EventDate "2018.11.??"]
[EventType "team-swiss"]
[EventRounds "7"]
[EventCountry "GER"]
[SourceTitle "XVIII. DBMM 2018"]
[Source "FV Schach e.V."]
[SourceDate "2018.11.12"]
[SourceVersion "1"]
[SourceVersionDate "2018.11.12"]
[SourceQuality "1"]
[WhiteTeam "Europaeisches Patentamt Muenchen"]
[BlackTeam "Baubehoerde Hamburg"]
[WhiteTeamCountry "GER"]
[BlackTeamCountry "GER"]

1. d4 d5 2. Nf3 Nf6 3. e3 Bf5 4. c4 c6 5. Nc3 e6 6. Nh4 Bg4 7. Qb3 b6 8. h3 Bh5
9. g4 Ne4 10. Nxe4 Qxh4 11. Ng3 Bg6 12. Bd2 Bd6 13. Rg1 O-O 14. O-O-O dxc4 15.
Bxc4 Qxh3 16. Bxe6 Bxg3 17. Rxg3 Qh2 18. Bf5 Qxf2 19. Rdg1 Kh8 20. Be1 Qe2 21.
Rh3 Na6 22. Bxg6 fxg6 23. Rxh7+ 1-0

[Event "XVIII. DBMM Schach"]
[Site "Altenberg OT Zinnwald"]
[Date "2018.11.10"]
[Round "5.3"]
[White "Kaliski, Achim"]
[Black "Dekker, Derk"]
[Result "1-0"]
[WhiteElo "1993"]
[BlackElo "1855"]
[Annotator "br"]
[PlyCount "71"]
[EventDate "2018.11.??"]
[EventType "team-swiss"]
[EventRounds "7"]
[EventCountry "GER"]
[SourceTitle "XVIII. DBMM 2018"]
[Source "FV Schach e.V."]
[SourceDate "2018.11.12"]
[SourceVersion "1"]
[SourceVersionDate "2018.11.12"]
[SourceQuality "1"]
[WhiteTeam "Baubehoerde Hamburg"]
[BlackTeam "Europaeisches Patentamt Muenchen"]
[WhiteTeamCountry "GER"]
[BlackTeamCountry "GER"]

1. e4 e5 2. Nc3 Nf6 3. Bc4 Bc5 4. d3 Nc6 5. Nf3 h6 6. O-O O-O 7. a3 a6 8. Be3
Ba7 9. Qd2 Ng4 10. Bxa7 Rxa7 11. h3 Nf6 12. Nh2 d6 13. f4 Be6 14. Ba2 Bxa2 15.
Nxa2 Ra8 16. Nc3 Nd4 17. Ne2 Nxe2+ 18. Qxe2 c6 19. Rf2 exf4 20. c3 Qb6 21. Kh1
Nh5 22. Qf3 f5 23. Kg1 Ng3 24. exf5 Rae8 25. d4 Rxf5 26. Qd3 Rff8 27. Nf1 Qb5
28. c4 Qg5 29. Rd1 Nf5 30. Qb3 Nh4 31. Qxb7 f3 32. g3 Nf5 33. Qxc6 Re2 34. Qd5+
Kh8 35. Rxf3 Rxb2 36. g4 1-0

[Event "XVIII. DBMM Schach"]
[Site "Altenberg OT Zinnwald"]
[Date "2018.11.10"]
[Round "5.4"]
[White "Brendemuehl, Bernd"]
[Black "Buchholz, Robert"]
[Result "1-0"]
[WhiteElo "1886"]
[BlackElo "1967"]
[Annotator "br"]
[PlyCount "77"]
[EventDate "2018.11.??"]
[EventType "team-swiss"]
[EventRounds "7"]
[EventCountry "GER"]
[SourceTitle "XVIII. DBMM 2018"]
[Source "FV Schach e.V."]
[SourceDate "2018.11.12"]
[SourceVersion "1"]
[SourceVersionDate "2018.11.12"]
[SourceQuality "1"]
[WhiteTeam "Europaeisches Patentamt Muenchen"]
[BlackTeam "Baubehoerde Hamburg"]
[WhiteTeamCountry "GER"]
[BlackTeamCountry "GER"]

1. e4 d5 2. exd5 Nf6 3. d4 Nxd5 4. Nf3 Bg4 5. Be2 e6 6. O-O Nc6 7. Nbd2 Bf5 8.
a3 Be7 9. Nc4 O-O 10. Ne3 Bg6 11. Nxd5 exd5 12. Bf4 Bd6 13. Ne5 Nxe5 14. dxe5
Bc5 15. Bf3 c6 16. Qd2 Qe7 17. b4 Bb6 18. Rfe1 Qe6 19. b5 h6 20. a4 Bd8 21.
Rac1 Bf5 22. bxc6 bxc6 23. c4 dxc4 24. Qc3 Bd3 25. Bg3 Bg5 26. Rcd1 Rab8 27. h4
Be7 28. Re3 Bb4 29. Qc1 Rfd8 30. Be4 Bxe4 31. Rxd8+ Rxd8 32. Rxe4 c5 33. Rxc4
Qd5 34. Qf4 Qd1+ 35. Kh2 Rd4 36. Qf5 g6 37. Qc8+ Kg7 38. e6 fxe6 39. Be5+ 1-0